Seven XVIIIth century bibliographies /

Bibliographic Details
Main Author: Williams, Iolo Aneurin, 1890-1962
Format: Book
Language:English
Published: London : Dulau & company, ltd., 1924.
Subjects:

MARC

Tag First Indicator Second Indicator Subfields
LEADER 00000cam a2200000 4500
001 in00000030782
005 20151007063026.0
008 750428s1924 enk b 00010 engmu
010 |a  24008573  
035 |a (OCoLC)01300643 
035 |9 AAD6373AM 
040 |c SNN  |d TXA  |d UtOrBLW 
049 |a TXAM  |c [343668] 
050 0 0 |a Z2013  |b .W72 
092 |a 820  |b A1W723s 
100 1 |a Williams, Iolo Aneurin,  |d 1890-1962. 
245 1 0 |a Seven XVIIIth century bibliographies /  |c by Iolo A. Williams. 
264 1 |a London :  |b Dulau & company, ltd.,  |c 1924. 
300 |a 2 pages ., pages vii, 9-244. ;  |c 23 cm. 
336 |a text  |b txt  |2 rdacontent 
337 |a unmediated  |b n  |2 rdamedia 
338 |a volume  |b nc  |2 rdacarrier 
500 |a First editions. Short essays are prefixed to each bibliography except those of Goldsmith and Sheridan. 
505 0 |a John Armstrong.--William Shenstone.--Mark Akenside.--William Collins.--Oliver Goldsmith.--Charles Churchill.--Richard Brinsley Butler Sheridan.--Index to bibliographical entries. 
650 0 |a English literature  |y 18th century  |v Bibliography. 
650 0 |a English literature  |x First editions  |v Bibliography. 
999 |a MARS 
999 f f |s ed08ff99-b86b-39d4-af24-e6ca3a887bf1  |i 7362950d-52f0-3928-8ebb-21c4cb750b4b  |t 0 
952 f f |p ric  |a Texas A&M University  |b Rellis Campus  |c Joint Library Facility  |d Remote Storage  |t 0  |e Z2013 .W72  |h Library of Congress classification  |i unmediated -- volume  |m A14801266240 
998 f f |a Z2013 .W72  |t 0  |l Remote Storage